| 000 | 00456nam a2200145Ia 4500 | ||
|---|---|---|---|
| 008 | 151021s9999 xx 000 0 und d | ||
| 020 | _a130454273 | ||
| 050 | _aJZ 4839.P43 2003 | ||
| 245 | _a_International orginizations perspectives on governance in the twenty-first century | ||
| 260 | _aNew Jersey Prentice 2000 | ||
| 300 | _avii,328p. | ||
| 500 | _aIncludes index | ||
| 650 | _a_International organizations | ||
| 980 | _a^d20120808 10:37:58^oanne | ||
| 999 |
_c9277 _d9277 |
||